header

Greetings, sun (Record no. 263388)

MARC details
000 -LEADER
fixed length control field 00202nam a22000977a 4500
020 ## - INTERNATIONAL STANDARD BOOK NUMBER
ISBN 0618061916
100 ## - MAIN ENTRY--AUTHOR NAME
Personal name Phillis
245 ## - TITLE STATEMENT
Title Greetings, sun
260 ## - PUBLICATION, DISTRIBUTION, ETC. (IMPRINT)
Place of publication New York
Name of publisher DK Ink
Year of publication 1998.
942 ## - ADDED ENTRY ELEMENTS (KOHA)
Koha item type Long Loan Books
Holdings
Withdrawn status Lost status Collection code Home library Current library Shelving location Date acquired Accession Number Koha item type
    Non-fiction Rongo University Library Rongo University Library Children's Area 15/03/2024 CL2021842 Long Loan Books

© 2026 Rongo University
Contact us: librarian | system librarian | Rongo university